History Quiz: Art - Statistics

General Stats
  • This quiz has been taken 397 times
  • The average score is 8 of 15
Answer Stats
Question Answer % Correct
Which one of these painters wasn't an Impressionist? Pablo Picasso
88%
Pieter Bruegel the Elder painted which biblical location in three of his paintings? Tower of Babel
84%
Who was born last? Caravaggio
77%
Frida Kahlo was married to which other Mexican artist? Diego Rivera
77%
Which German painter and printmaker created "Stormtroopers Advancing Under Gas", featuring soldiers wearing gas masks? Otto Dix
57%
Which culture used the "gripping beast" motif in their art? Norse
54%
Who created "The Sleep of Reason Produces Monsters"? Francisco Goya
52%
Which of these cathedrals was built in the Baroque style? St Paul's, London
48%
The architecture of the Nabateans (who built Petra) was likely influenced by architecture from which two styles? Mesopotamian and Hellenistic
46%
What kind of artist was Marianne North? Botanical artist
43%
Which artist designed the Xenomorph from the Alien film franchise? H.R. Giger
36%
The Cueva de las Manos, which contain cave paintings of stenciled hands, are in which country? Argentina
34%
Which Ancient Greek sculptor created the Statue of Zeus at Olympia, one of the Seven Wonders of the Ancient World? Phidias
30%
What type of art is Whakairo? Carving
16%
The Roman painter known as the Malibu Painter created what kind of artwork? Mummy portraits
11%
No matching quizzes found
Score Distribution
Percent of People with Each Score
Percentile by Number Answered
Your Score History
You have not taken this quiz